A man of the people/ (Record no. 30174)
[ view plain ]
| 000 -LEADER | |
|---|---|
| fixed length control field | 00520nam a22001577a 4500 |
| 008 - FIXED-LENGTH DATA ELEMENTS--GENERAL INFORMATION | |
| fixed length control field | 190408b xxu||||| |||| 00| 0 eng d |
| 020 ## - INTERNATIONAL STANDARD BOOK NUMBER | |
| International Standard Book Number | 9789966468048 |
| 050 ## - LIBRARY OF CONGRESS CALL NUMBER | |
| Classification number | PR 9387.9 .A25M3 |
| Item number | .A25M3 |
| 100 ## - MAIN ENTRY--PERSONAL NAME | |
| Personal name | Achebe, Chinua |
| 245 ## - TITLE STATEMENT | |
| Title | A man of the people/ |
| 260 ## - PUBLICATION, DISTRIBUTION, ETC. (IMPRINT) | |
| Place of publication, distribution, etc. | Nairobi : |
| Name of publisher, distributor, etc. | East African Educational Publishers, |
| Date of publication, distribution, etc. | 1966 |
| 300 ## - PHYSICAL DESCRIPTION | |
| Extent | 149 p. : |
| Other physical details | ill. ; |
| Dimensions | 20cm |
| 440 ## - SERIES STATEMENT/ADDED ENTRY--TITLE | |
| Title | Africa Classic Series |
| 650 ## - SUBJECT ADDED ENTRY--TOPICAL TERM | |
| Topical term or geographic name as entry element | Literature |
| General subdivision | Political fiction |
| 942 ## - ADDED ENTRY ELEMENTS (KOHA) | |
| Source of classification or shelving scheme | |
| Koha item type | Africana (Books) |
| Classification part | PR 9387.9 .A25M3 1966 |
| Koha issues (borrowed), all copies | 1 |
| Withdrawn status | Lost status | Source of classification or shelving scheme | Damaged status | Not for loan | Home library | Current library | Shelving location | Date acquired | Total Checkouts | Full call number | Barcode | Date last seen | Price effective from | Koha item type | Source of acquisition | Cost, normal purchase price | Total Renewals | Date last checked out |
|---|---|---|---|---|---|---|---|---|---|---|---|---|---|---|---|---|---|---|
| MACHAKOS UNIVERSITY LIBRARY | MACHAKOS UNIVERSITY LIBRARY | Africana | 26/10/2015 | AFR PR 9387.9 .A3 1996 | 17611 | 26/10/2015 | 26/10/2015 | Short Loan Books | ||||||||||
| MACHAKOS UNIVERSITY LIBRARY | MACHAKOS UNIVERSITY LIBRARY | Africana | 28/06/2016 | SPE AFR PR 9387.9 .A3T5 1994 | 11803 | 28/06/2016 | 28/06/2016 | Short Loan Books | ||||||||||
| MACHAKOS UNIVERSITY LIBRARY | MACHAKOS UNIVERSITY LIBRARY | Africana | 08/04/2019 | 60 | PR 9387.9 .A25M3 1966 | 38592 | 28/02/2026 | 08/04/2019 | Africana (Books) | TBC | 405.17 | 1 | 28/02/2026 | |||||
| MACHAKOS UNIVERSITY LIBRARY | MACHAKOS UNIVERSITY LIBRARY | Africana | 08/04/2019 | 30 | PR 9387.9 .A25M3 1966 | 38593 | 18/12/2025 | 08/04/2019 | Africana (Books) | TBC | 405.17 | 22/03/2023 | ||||||
| MACHAKOS UNIVERSITY LIBRARY | MACHAKOS UNIVERSITY LIBRARY | Short Loan | 12/11/2019 | 46 | PR 9387.9 .A24 2018 | 23135 | 19/02/2026 | 12/11/2019 | Africana (Books) | Purchase | 438.00 | 19/02/2026 |